000 00410nam a2200181Ia 4500
001 9741
005 20260306161740.0
008 260306t1998||||xx |||||||||||||| ||spa||
041 _aESP
082 _a410
_bM16
100 _aMagallanes, Eugenio
_eAUT
245 0 _aLenguaje y comunicación
260 _c1998
300 _a272 pƔginas :
_c
650 _aGEN
654 _aCED
942 _cLIB
_dJUS
_fJUS
_2ddc
_n
999 _c9741
_d9741